Statistics for NBA Hall Of Fame

Click here to take the quiz!

General Stats

  • This quiz has been taken 42 times
  • The average score is 70 of 75

Answer Stats

Season2nd PlaceWinner% Correct
1995/96Seattle SuperSonicsChicago Bulls
100%
1996/97Utah JazzChicago Bulls
100%
1992/93Phoenix SunsChicago Bulls
100%
1991/92Portland Trail BlazersChicago Bulls
100%
1990/91Los Angeles LakersChicago Bulls
100%
1997/98Utah JazzChicago Bulls
100%
1987/88Detroit PistonsLos Angeles Lakers
100%
1986/87Boston CelticsLos Angeles Lakers
100%
1999/00Indiana PacersLos Angeles Lakers
100%
1979/80Philadelphia 76ersLos Angeles Lakers
100%
2000/01Philadelphia 76ersLos Angeles Lakers
100%
2001/02New Jersey NetsLos Angeles Lakers
100%
2008/09Orlando MagicLos Angeles Lakers
100%
1971/72New York KnickerbockersLos Angeles Lakers
100%
1984/85Boston CelticsLos Angeles Lakers
100%
2009/10Boston CelticsLos Angeles Lakers
100%
2019/20Miami HeatLos Angeles Lakers
100%
1948/49Washington CapitolsMinneapolis Lakers
100%
1949/50Syracuse NationalsMinneapolis Lakers
100%
1951/52New York KnickerbockersMinneapolis Lakers
100%
1952/53New York KnickerbockersMinneapolis Lakers
100%
1953/54Syracuse NationalsMinneapolis Lakers
100%
1975/76Phoenix SunsBoston Celtics
97%
1985/86Houston RocketsBoston Celtics
97%
1983/84Los Angeles LakersBoston Celtics
97%
1980/81Houston RocketsBoston Celtics
97%
1962/63Los Angeles LakersBoston Celtics
97%
1961/62Los Angeles LakersBoston Celtics
97%
2007/08Los Angeles LakersBoston Celtics
97%
1960/61Saint Louis HawksBoston Celtics
97%
1963/64San Francisco WarriorsBoston Celtics
97%
1964/65Los Angeles LakersBoston Celtics
97%
1965/66Los Angeles LakersBoston Celtics
97%
1967/68Los Angeles LakersBoston Celtics
97%
1973/74Milwaukee BucksBoston Celtics
97%
1968/69Los Angeles LakersBoston Celtics
97%
1959/60Saint Louis HawksBoston Celtics
97%
1958/59Minneapolis LakersBoston Celtics
97%
1956/57Saint Louis HawksBoston Celtics
97%
1993/94New York KnickerbockersHouston Rockets
97%
1994/95Orlando MagicHouston Rockets
97%
2015/16Golden State WarriorsCleveland Cavaliers
94%
2010/11Miami HeatDallas Mavericks
94%
1988/89Los Angeles LakersDetroit Pistons
94%
1989/90Portland Trail BlazersDetroit Pistons
94%
2003/04Los Angeles LakersDetroit Pistons
94%
2017/18Cleveland CavaliersGolden State Warriors
94%
2016/17Cleveland CavaliersGolden State Warriors
94%
2014/15Cleveland CavaliersGolden State Warriors
94%
2021/22Boston CelticsGolden State Warriors
94%
1974/75Washington BulletsGolden State Warriors
94%
2005/06Dallas MavericksMiami Heat
94%
2012/13San Antonio SpursMiami Heat
94%
2011/12Oklahoma City ThundersMiami Heat
94%
1946/47Chicago StagsPhiladelphia Warriors
94%
1955/56Fort Wayne PistonsPhiladelphia Warriors
94%
2020/21Phoenix SunsMilwaukee Bucks
91%
1970/71Baltimore BulletsMilwaukee Bucks
91%
1982/83Los Angeles LakersPhiladelphia 76ers
91%
1966/67San Francisco WarriorsPhiladelphia 76ers
91%
2004/05Detroit PistonsSan Antonio Spurs
91%
2002/03New Jersey NetsSan Antonio Spurs
91%
2006/07Cleveland CavaliersSan Antonio Spurs
91%
2013/14Miami HeatSan Antonio Spurs
91%
1998/99New York KnickerbockersSan Antonio Spurs
91%
1978/79Washington BulletsSeattle SuperSonics
91%
1957/58Boston CelticsSaint Louis Hawks
88%
1969/70Los Angeles LakersNew York Knickerbockers
81%
1972/73Los Angeles LakersNew York Knickerbockers
81%
2018/19Golden State WarriorsToronto Raptors
81%
1976/77Philadelphia 76ersPortland Trail Blazers
78%
1947/48Philadelphia WarriorsBaltimore Bullets
69%
1977/78Seattle SuperSonicsWashington Bullets
69%
1954/55Fort Wayne PistonsSyracuse Nationals
59%
1950/51New York KnickerbockersRochester Royals
44%

Score Distribution

Percentile by Number Answered

Percent of People with Each Score

Your Score History

You have not taken this quiz